La hacienda pública en un proceso democrático / (Record no. 37284)

MARC details
000 -LEADER
campo de control de longitud fija 00905nam a2200253 i 4500
001 - NÚMERO DE CONTROL
campo de control 37284
003 - IDENTIFICADOR DE NÚMERO DE CONTROL
campo de control ES-MaACL
005 - FECHA Y HORA DE LA ÚLTIMA TRANSACCIÓN
campo de control 20250826051216.0
007 - CAMPO FIJO DE DESCRIPCIÓN FÍSICA--INFORMACIÓN GENERAL
campo de control de longitud fija t|
008 - DATOS DE LONGITUD FIJA--INFORMACIÓN GENERAL
campo de control de longitud fija 030220s1973 sp ||||1| spa d
100 1# - ENTRADA PRINCIPAL--NOMBRE DE PERSONA
Nombre de persona Buchanan, James M.
9 (RLIN) 32285
245 13 - MENCIÓN DEL TÍTULO
Título La hacienda pública en un proceso democrático /
Mención de responsabilidad, etc. James M. Buchanan ; traducción por José R. Álvarez Rendueles y Manuel Olleros Izard.
250 ## - MENCION DE EDICION
Mención de edición 1ª ed.
260 ## - PUBLICACIÓN, DISTRIBUCIÓN, ETC.
Lugar de publicación, distribución, etc. [Madrid] :
Nombre del editor, distribuidor, etc. Aguilar,
Fecha de publicación, distribución, etc. [1973]
300 ## - DESCRIPCIÓN FÍSICA
Extensión XXXVI, 347 p. ;
Dimensiones 22 cm.
490 1# - MENCIÓN DE SERIE
Mención de serie Biblioteca de ciencias sociales. Economía
650 #7 - PUNTO DE ACCESO ADICIONAL DE MATERIA--TÉRMINO DE MATERIA
Término de materia o nombre geográfico como elemento de entrada Hacienda pública
Fuente del encabezamiento o término embne
9 (RLIN) 13279
650 00 - PUNTO DE ACCESO ADICIONAL DE MATERIA--TÉRMINO DE MATERIA
Término de materia o nombre geográfico como elemento de entrada Política fiscal.
9 (RLIN) 16296
700 1# - ENTRADA AGREGADA--NOMBRE PERSONAL
Nombre de persona Alvarez Rendueles, José Ramón.
9 (RLIN) 20929
700 1# - ENTRADA AGREGADA--NOMBRE PERSONAL
Nombre de persona Olleros Izard, Manuel.
9 (RLIN) 86931
830 10 - PUNTO DE ACCESO ADICIONAL DE SERIE-TÍTULO UNIFORME
Título uniforme Biblioteca de ciencias sociales (Aguilar).
Nombre de parte o sección de la obra Economía
9 (RLIN) 181705
852 ## - LOCALIZACIÓN
Ubicación ES-MaACL
Número de control de estantería C-56080
Holdings
Estatus retirado Estado de pérdida Estado de daño No para préstamo Biblioteca de origen Biblioteca actual Ubicación en estantería Fecha de adquisición Fuente de adquisición Total de préstamos Signatura topográfica completa Código de barras Visto por última vez Precio de reemplazo Tipo de ítem Koha
        Biblioteca del Ateneo de Madrid Biblioteca del Ateneo de Madrid Depósito 2 17/01/2008     C-56080 1039234 23/02/2023 23/02/2023 Libro impreso